Curse of the Blair Witch

Τον Οκτώβριο του 1994 τρεις σπουδαστές κινηματογράφου εξαφανίστηκαν στο δάσος κοντά στο Μπέρκιτσβιλ του Μέριλαντ, ενώ γύριζαν ένα ντοκιμαντέρ. Ένα χρόνο αργότερα βρέθηκε το υλικό τους. Οι κάτοικοι της περιοχής, ο τοπικός σερίφης, η οικογένεια και οι φίλοι των παιδιών, αλλά και μέντιουμ που ασχολήθηκ...

Πλήρης περιγραφή

Αποθηκεύτηκε σε:
Λεπτομέρειες βιβλιογραφικής εγγραφής
Άλλοι συγγραφείς: Myrick, Daniel, 1962- (Διευθυντής), Sanchez, Eduardo (Διευθυντής), Griffin, Bob (Ηθοποιός), King, Jim (Actor) (Ηθοποιός), Sanchez, Sandra (Ηθοποιός), Swanson, Ed (Ηθοποιός), DeCou, Patricia (Ηθοποιός), Mason, Mark (Actor) (Ηθοποιός)
Μορφή: Διαφάνειες
Γλώσσα:English
Greek
Δημοσίευση: [Χ.τ. : χ.ό., 1999]
Σειρά:Ταινιοθήκη του Σινεμά
Θέματα:
Ετικέτες: Προσθήκη ετικέτας
Δεν υπάρχουν, Καταχωρήστε ετικέτα πρώτοι!

MARC

LEADER 00000cgm a2200000 a 4500
001 1/119221
008 190618s1999####xx ||| | || ||eng||
040 |a GR-MyUa  |b gre  |c GR-MyUa  |e AACR2 
041 0 |a eng  |j gre 
082 7 |a 791.437   |2 (23) 
245 0 0 |a Curse of the Blair Witch   |h [μαγνητοσκόπηση] /   |c σκηνοθεσία, σενάριο, μοντάζ: Ντάνιελ Μάιρικ, Εντουάρντο Σάντσεζ.  
260 |a [Χ.τ. :   |b χ.ό.,   |c 1999] 
300 |a 1 βιντεοκασέτα (61 λεπτά) :   |b ομίλ., έγχρ. ;   |c 1/2 ίν. 
490 1 |a (Η ταινιοθήκη του Σινεμά) 
500 |a Κυκλοφόρησε πρώτη φορά ως κινηματογραφική ταινία το 1999. 
508 |a Φωτογραφία, Νιλ Φρέντερικς ; μουσική, Τόνι Κόρα. 
511 0 |a Μπομπ Γκρίφιν, Τζιμ Κινγκ, Σάντρα Σάντσεζ, Εντ Σουάνσον, Πατρίσια Ντεκού, Μαρκ Μέισον.  
520 8 |a Τον Οκτώβριο του 1994 τρεις σπουδαστές κινηματογράφου εξαφανίστηκαν στο δάσος κοντά στο Μπέρκιτσβιλ του Μέριλαντ, ενώ γύριζαν ένα ντοκιμαντέρ. Ένα χρόνο αργότερα βρέθηκε το υλικό τους. Οι κάτοικοι της περιοχής, ο τοπικός σερίφης, η οικογένεια και οι φίλοι των παιδιών, αλλά και μέντιουμ που ασχολήθηκαν με την υπόθεση, καταθέτουν τις εμπειρίες και τις πληροφορίες τους στο φακό αυτού εδώ του ντοκιμαντέρ, το οποίο αποπειράται να ρίξει φως στην υπόθεση τους Χέδερ, του Μάι, και του Τζόσουα και να διαλευκάνει αν η μάγισσα του Μπλερ εξακολουθεί να εκδικείται.... 
546 |a Στα αγγλικά με υπότιτλους στα ελληνικά. 
650 0 |a Missing persons  |x Investigation  |v Drama. 
655 7 |a Feature films  |2 lcgft 
700 1 |a Myrick, Daniel,   |d 1962-  |e drt 
700 1 |a Sanchez, Eduardo,  |e drt 
700 1 |a Griffin, Bob,  |e act 
700 1 |a King, Jim   |c (Actor)  |e act 
700 1 |a Sanchez, Sandra,  |e act 
700 1 |a Swanson, Ed,  |e act 
700 1 |a DeCou, Patricia,  |e act 
700 1 |a Mason, Mark   |c (Actor)  |e act 
830 0 |a Ταινιοθήκη του Σινεμά 
852 |a INST  |b SYROS  |c AV  |e 20190618  |h 791.437 MYR  |p 005500013614  |q 005500013614  |t VC  |y 23 
970 |a Κοντού  |b Παρασκευή  |z 18/06/2019